[Event "WLS-ch 62nd"]
[Site "Cardiff"]
[Date "2016.03.28"]
[Round "6"]
[White "Van Kemenade, Rudy"]
[Black "Thomas, Ben"]
[Result "0-1"]
[WhiteElo "1968"]
[BlackElo "1983"]
[PlyCount "44"]
[EventDate "2016.03.25"]
[EventType "swiss"]
[EventRounds "7"]
[EventCountry "WLS"]
[SourceTitle "CBM 171 Extra"]
[Source "ChessBase"]
[SourceDate "2016.04.26"]
[SourceVersion "1"]
[SourceVersionDate "2016.04.26"]
[SourceQuality "1"]

1. d4 b6 2. c4 Bb7 3. Nc3 e6 4. a3 d5 5. Nf3 Nf6 6. Bg5 Be7 7. Rc1 a6 8. Bxf6 Bxf6 9. cxd5 exd5 10. e3 Nd7 11. Qb3 Nf8 12. Bd3 Ne6 13. Ne2 c5 14. dxc5 Nxc5 15. Rxc5 bxc5 16. Qxb7 0-0 17. 0-0 Rb8 18. Qxa6 Rxb2 19. Rd1 c4 20. Bxc4 dxc4 21. Rxd8 Rb1+ 22. Ne1 Rxe1# 0-1

[Event "WLS-ch 62nd"]
[Site "Cardiff"]
[Date "2016.03.27"]
[Round "5"]
[White "Thomas, Ben"]
[Black "Thomas, James M"]
[Result "1/2-1/2"]
[WhiteElo "1983"]
[BlackElo "1911"]
[PlyCount "48"]
[EventDate "2016.03.25"]
[EventType "swiss"]
[EventRounds "7"]
[EventCountry "WLS"]
[SourceTitle "CBM 171 Extra"]
[Source "ChessBase"]
[SourceDate "2016.04.26"]
[SourceVersion "1"]
[SourceVersionDate "2016.04.26"]
[SourceQuality "1"]

1. e4 e6 2. d4 d5 3. exd5 exd5 4. c4 Nf6 5. Nc3 Bb4 6. Nf3 0-0 7. Be2 dxc4 8. Bg5 Re8 9. 0-0 Bxc3 10. bxc3 h6 11. Bxf6 Qxf6 12. Ne5 Nd7 13. Nxc4 Nb6 14. Ne3 Bd7 15. c4 Ba4 16. Qd2 Rad8 17. d5 c6 18. Qa5 cxd5 19. cxd5 Qb2 20. Rfe1 Nxd5 21. Nxd5 b6 22. Qxa4 Rxe2 23. Qg4 Rxe1+ 24. Rxe1 Rxd5 1/2-1/2

[Event "WLS-ch 62nd"]
[Site "Cardiff"]
[Date "2016.03.26"]
[Round "4"]
[White "Brown, Thomas"]
[Black "Thomas, Ben"]
[Result "1-0"]
[WhiteElo "2093"]
[BlackElo "1983"]
[PlyCount "73"]
[EventDate "2016.03.25"]
[EventType "swiss"]
[EventRounds "7"]
[EventCountry "WLS"]
[SourceTitle "CBM 171 Extra"]
[Source "ChessBase"]
[SourceDate "2016.04.26"]
[SourceVersion "1"]
[SourceVersionDate "2016.04.26"]
[SourceQuality "1"]

1. d4 b6 2. c4 Bb7 3. Nc3 e6 4. a3 Nf6 5. Nf3 d5 6. cxd5 exd5 7. Bg5 Be7 8. e3 0-0 9. Bd3 Nbd7 10. 0-0 c5 11. Rc1 Rc8 12. dxc5 bxc5 13. Bf5 Rb8 14. Bf4 Rc8 15. Ne5 g6 16. Bh3 d4 17. exd4 cxd4 18. Nxd7 Nxd7 19. Qxd4 f5 20. Bh6 Rf7 21. Qxa7 Nc5 22. Rfd1 Qe8 23. b4 Nb3 24. Qxb7 Nxc1 25. Nd5 Bh4 26. Qa6 Rc6 27. Qb5 Bxf2+ 28. Kf1 Nb3 29. Bg5 Nd4 30. Qd3 Re6 31. Kxf2 Re2+ 32. Kf1 h6 33. Nf6+ Rxf6 34. Bxf6 Nf3 35. Qxf3 Re3 36. Qd5+ Kh7 37. Qd7+ 1-0

[Event "WLS-ch 62nd"]
[Site "Cardiff"]
[Date "2016.03.26"]
[Round "3"]
[White "Thomas, Ben"]
[Black "Bullen, Alex"]
[Result "0-1"]
[WhiteElo "1983"]
[BlackElo "2018"]
[PlyCount "59"]
[EventDate "2016.03.25"]
[EventType "swiss"]
[EventRounds "7"]
[EventCountry "WLS"]
[SourceTitle "CBM 171 Extra"]
[Source "ChessBase"]
[SourceDate "2016.04.26"]
[SourceVersion "1"]
[SourceVersionDate "2016.04.26"]
[SourceQuality "1"]

1. e4 c6 2. d4 d5 3. exd5 cxd5 4. c4 Nf6 5. Nc3 Nc6 6. Be3 e6 7. a3 Be7 8. Nf3 0-0 9. c5 a5 10. Rb1 Bd7 11. Be2 Ne4 12. Nxe4 dxe4 13. Nd2 f5 14. g3 Bf6 15. Nc4 Ne7 16. Nb6 Ra7 17. d5 exd5 18. Nxd5 Nc6 19. Qb3 Be6 20. Bc4 Bxd5 21. Rd1 Kh8 22. Rxd5 Qe7 23. 0-0 Ne5 24. c6 Nf3+ 25. Kg2 bxc6 26. Bc5 cxd5 27. Bxe7 dxc4 28. Qxc4 Rxe7 29. Rd1 Ne5 30. Rd5 0-1

[Event "WLS-ch 62nd"]
[Site "Cardiff"]
[Date "2016.03.25"]
[Round "1"]
[White "Camp, Syringa Lyn"]
[Black "Thomas, Ben"]
[Result "0-1"]
[WhiteElo "1681"]
[BlackElo "1983"]
[PlyCount "30"]
[EventDate "2016.03.25"]
[EventType "swiss"]
[EventRounds "7"]
[EventCountry "WLS"]
[SourceTitle "CBM 171 Extra"]
[Source "ChessBase"]
[SourceDate "2016.04.26"]
[SourceVersion "1"]
[SourceVersionDate "2016.04.26"]
[SourceQuality "1"]

1. e4 b6 2. d4 Bb7 3. d5 e6 4. dxe6 fxe6 5. Nc3 Nc6 6. Nge2 Nf6 7. Bf4 Bc5 8. Ng3 0-0 9. e5 Ne8 10. Qg4 Bxf2+ 11. Kxf2 Nxe5 12. Qe2 Ng6 13. Kg1 Nxf4 14. Qg4 Qf6 15. Rd1 Nh3+ 0-1

[Event "WLS-ch 62nd"]
[Site "Cardiff"]
[Date "2016.03.25"]
[Round "2"]
[White "Thomas, Ben"]
[Black "Pleasants, Allan J"]
[Result "1-0"]
[WhiteElo "1983"]
[BlackElo "2072"]
[PlyCount "143"]
[EventDate "2016.03.25"]
[EventType "swiss"]
[EventRounds "7"]
[EventCountry "WLS"]
[SourceTitle "CBM 171 Extra"]
[Source "ChessBase"]
[SourceDate "2016.04.26"]
[SourceVersion "1"]
[SourceVersionDate "2016.04.26"]
[SourceQuality "1"]

1. e4 d6 2. Nc3 Nf6 3. Be2 e5 4. Nf3 Be7 5. d4 Nbd7 6. 0-0 0-0 7. b3 Re8 8. Bb2 c6 9. Qd2 Qc7 10. a4 Bf8 11. d5 Nc5 12. Qe3 cxd5 13. Nxd5 Nxd5 14. exd5 h6 15. b4 Na6 16. c3 f5 17. Rac1 Qf7 18. Rfd1 f4 19. Qd2 g5 20. Bxa6 bxa6 21. c4 g4 22. Ne1 Bd7 23. Qc2 Rec8 24. Ba3 Qe8 25. Qe2 Qg6 26. a5 Ba4 27. Rd2 Rc7 28. f3 h5 29. Qd3 Qxd3 30. Rxd3 Rac8 31. c5 Bb5 32. Rdc3 Bg7 33. R3c2 Ba4 34. Rd2 Bb5 35. Nd3 e4 36. Nxf4 Bh6 37. g3 Bxf4 38. gxf4 exf3 39. Re1 Be2 40. Rd4 Kf7 41. Re4 h4 42. Re6 g3 43. hxg3 hxg3 44. Rc1 Rh8 45. Bb2 f2+ 46. Kg2 f1Q+ 47. Rxf1 Bxf1+ 48. Kxf1 Rh1+ 49. Kg2 Rh2+ 50. Kxg3 Rxb2 51. Rxd6 Rxb4 52. c6 Re7 53. Rh6 Re3+ 54. Kg4 Kg7 55. c7 Rc4 56. d6 Rd3 57. Re6 Kf7 58. Re7+ Kf6 59. d7 Rxc7 60. d8Q Rxd8 61. Rxc7 Rg8+ 62. Kf3 Rb8 63. Rxa7 Kf5 64. Rf7+ Kg6 65. Ra7 Kf5 66. Ke3 Rb3+ 67. Kd4 Kxf4 68. Rxa6 Ra3 69. Ra8 Kf5 70. a6 Kf6 71. Kc5 Rb3 72. a7 1-0

[Event "WLS-chT 1516"]
[Site "Wales"]
[Date "2016.01.24"]
[Round "4.9"]
[White "Heap, Gerry"]
[Black "Thomas, Ben"]
[Result "0-1"]
[WhiteElo "2087"]
[BlackElo "1952"]
[PlyCount "66"]
[EventDate "2015.11.01"]
[EventType "team-tourn"]
[EventRounds "7"]
[EventCountry "WLS"]
[SourceTitle "EXT 2018"]
[Source "ChessBase"]
[SourceDate "2017.10.13"]
[SourceVersion "1"]
[SourceVersionDate "2017.10.13"]
[SourceQuality "1"]

1. c4 c5 2. Nc3 Nf6 3. g3 Nc6 4. Bg2 e6 5. d3 h6 6. h4 a6 7. Nh3 d5 8. cxd5 exd5 9. Nf4 Be6 10. e4 d4 11. Ncd5 Bd6 12. Nxe6 fxe6 13. Nf4 Bxf4 14. Bxf4 e5 15. Bd2 Qe7 16. Qb3 0-0-0 17. Rc1 Kb8 18. Qc4 Nd7 19. f4 Ka7 20. Bh3 b6 21. b4 exf4 22. bxc5 bxc5 23. Bxd7 Ne5 24. Qc2 c4 25. Bh3 Nxd3+ 26. Kf1 Qxe4 27. Bg2 f3 28. Rh2 fxg2+ 29. Rxg2 Qf3+ 30. Kg1 Nxc1 31. Qxc4 Nd3 32. Ba5 Rd7 33. Qe6 Rb7 0-1

[Event "WLS-chT 1516"]
[Site "Wales"]
[Date "2015.11.29"]
[Round "2.9"]
[White "Thomas, Ben"]
[Black "Bevan, Peter M"]
[Result "0-1"]
[WhiteElo "1952"]
[BlackElo "2013"]
[PlyCount "66"]
[EventDate "2015.11.01"]
[EventType "team-tourn"]
[EventRounds "7"]
[EventCountry "WLS"]
[SourceTitle "EXT 2018"]
[Source "ChessBase"]
[SourceDate "2017.10.13"]
[SourceVersion "1"]
[SourceVersionDate "2017.10.13"]
[SourceQuality "1"]

1. e4 c5 2. c3 d5 3. exd5 Nf6 4. d4 Nxd5 5. Bc4 e6 6. Nf3 cxd4 7. cxd4 Bb4+ 8. Bd2 Bxd2+ 9. Qxd2 0-0 10. 0-0 Nc6 11. Nc3 Nce7 12. Rfe1 b6 13. Rac1 Bb7 14. Ne5 Rc8 15. Bb3 a6 16. Ne4 Nc6 17. Nc4 Rc7 18. Ne3 Nxe3 19. fxe3 Na5 20. Rxc7 Qxc7 21. Rc1 Qd8 22. Bc2 f5 23. Nf2 Nc4 24. Qe2 Qg5 25. Nd1 f4 26. exf4 Rxf4 27. g3 Bd5 28. b3 Rxd4 29. bxc4 Rd2 30. Qe3 Rxd1+ 31. Rxd1 Qxe3+ 32. Kf1 Bxc4+ 33. Kg2 Qe2+ 0-1

[Event "WLS-chT 1516"]
[Site "Wales"]
[Date "2015.11.01"]
[Round "1.15"]
[White "Fathallah, Joe"]
[Black "Thomas, Ben"]
[Result "0-1"]
[WhiteElo "1975"]
[BlackElo "1952"]
[PlyCount "68"]
[EventDate "2015.11.01"]
[EventType "team-tourn"]
[EventRounds "7"]
[EventCountry "WLS"]
[SourceTitle "EXT 2018"]
[Source "ChessBase"]
[SourceDate "2017.10.13"]
[SourceVersion "1"]
[SourceVersionDate "2017.10.13"]
[SourceQuality "1"]

1. d4 b6 2. e4 Bb7 3. Bd3 Nf6 4. Qe2 c5 5. d5 g6 6. c4 d6 7. f4 e5 8. fxe5 dxe5 9. Nf3 Nbd7 10. 0-0 Bg7 11. Nc3 a6 12. Bg5 Qc7 13. a4 0-0 14. Qd2 Kh8 15. Qf2 h6 16. Qh4 Kh7 17. Nd2 Qd6 18. a5 Rh8 19. axb6 Kg8 20. Be3 Nxb6 21. Nb3 Nbd7 22. Ra5 Rc8 23. Na4 Bf8 24. Nbxc5 Qc7 25. Nxb7 Qxb7 26. Qf2 Bb4 27. Rc5 Nxc5 28. Bxc5 Ng4 29. Qxf7+ Qxf7 30. Rxf7 Bxc5+ 31. Nxc5 Kxf7 32. Nxa6 Ra8 33. c5 Rxa6 34. Bxa6 Ra8 0-1

[Event "Glorney Cup"]
[Site "Enfield"]
[Date "2015.07.22"]
[Round "5.2"]
[White "Mulligan, Scott"]
[Black "Thomas, Ben"]
[Result "1-0"]
[WhiteElo "1957"]
[BlackElo "1850"]
[PlyCount "85"]
[EventDate "2015.07.20"]
[EventType "team-schev"]
[EventRounds "6"]
[EventCountry "IRL"]
[SourceTitle "CBM 167 Extra"]
[Source "ChessBase"]
[SourceDate "2015.09.14"]
[SourceVersion "1"]
[SourceVersionDate "2015.09.14"]
[SourceQuality "1"]
[WhiteTeam "Ireland"]
[BlackTeam "Wales"]
[WhiteTeamCountry "IRL"]
[BlackTeamCountry "WLS"]

1. e4 b6 2. d4 Bb7 3. Nc3 e6 4. Bd3 Bb4 5. Nge2 Nf6 6. 0-0 Bxc3 7. Nxc3 d5 8. e5 Nfd7 9. Qg4 g6 10. Bg5 Qc8 11. h4 Ba6 12. Nb5 Bxb5 13. Bxb5 a6 14. Ba4 b5 15. Bb3 c5 16. c3 Nc6 17. Rfe1 c4 18. Bc2 Qc7 19. h5 Nf8 20. Re3 Ne7 21. Rf3 h6 22. hxg6 Nexg6 23. Bf6 h5 24. Qg5 Nh7 25. Qg3 Rg8 26. Re1 Kd7 27. Qh3 Nxf6 28. Rxf6 Kc6 29. Bxg6 Rxg6 30. Rxg6 fxg6 31. Qxe6+ Kb7 32. Qxd5+ Ka7 33. e6 Rd8 34. Qe5 Qxe5 35. Rxe5 Kb7 36. Kh2 Kc6 37. Kg3 a5 38. e7 Re8 39. Kf4 Kd6 40. Kg5 Rxe7 41. Rxe7 Kxe7 42. Kxg6 a4 43. a3 1-0

[Event "Glorney Cup"]
[Site "Enfield"]
[Date "2015.07.22"]
[Round "6.7"]
[White "Shafi, Declan"]
[Black "Thomas, Ben"]
[Result "1-0"]
[WhiteElo "1908"]
[BlackElo "1850"]
[PlyCount "93"]
[EventDate "2015.07.20"]
[EventType "team-schev"]
[EventRounds "6"]
[EventCountry "IRL"]
[SourceTitle "CBM 167 Extra"]
[Source "ChessBase"]
[SourceDate "2015.09.14"]
[SourceVersion "1"]
[SourceVersionDate "2015.09.14"]
[SourceQuality "1"]
[WhiteTeam "Scotland"]
[BlackTeam "Wales"]
[WhiteTeamCountry "SCO"]
[BlackTeamCountry "WLS"]

1. d4 b6 2. c4 Bb7 3. d5 e6 4. e4 exd5 5. cxd5 Nf6 6. Nc3 Bb4 7. f3 Qe7 8. Nge2 0-0 9. a3 Bxc3+ 10. Nxc3 Nh5 11. g3 f5 12. d6 cxd6 13. Nd5 Qd8 14. Bc4 Kh8 15. h4 fxe4 16. Bg5 Qc8 17. Rc1 exf3 18. Kf2 Nc6 19. g4 Nf6 20. Nxf6 gxf6 21. Bh6 Ne5 22. Be6 Qe8 23. Bf5 Rg8 24. Re1 Nxg4+ 25. Bxg4 Rxg4 26. Rxe8+ Rxe8 27. Qd3 Rxh4 28. Be3 Rh2+ 29. Kg3 Rg2+ 30. Kf4 Reg8 31. Qc3 R2g4+ 32. Kf5 Be4+ 33. Kxf6 R4g6+ 34. Ke7+ R6g7+ 35. Kxd6 h5 36. Bh6 Kh7 37. Bxg7 Rxg7 38. Rh1 Rg6+ 39. Kxd7 Bf5+ 40. Ke7 Bg4 41. Qe5 Rg7+ 42. Kf8 Rg8+ 43. Kf7 Rg6 44. Rxh5+ Bxh5 45. Qxh5+ Rh6 46. Qf5+ Kh8 47. Qc8+ 1-0

[Event "Glorney Cup"]
[Site "Enfield"]
[Date "2015.07.21"]
[Round "4.7"]
[White "Thomas, Ben"]
[Black "Fraser, John"]
[Result "1-0"]
[WhiteElo "1850"]
[BlackElo "1913"]
[PlyCount "93"]
[EventDate "2015.07.20"]
[EventType "team-schev"]
[EventRounds "6"]
[EventCountry "IRL"]
[SourceTitle "CBM 167 Extra"]
[Source "ChessBase"]
[SourceDate "2015.09.14"]
[SourceVersion "1"]
[SourceVersionDate "2015.09.14"]
[SourceQuality "1"]
[WhiteTeam "Wales"]
[BlackTeam "England"]
[WhiteTeamCountry "WLS"]
[BlackTeamCountry "ENG"]

1. e4 c5 2. c3 Qa5 3. Bc4 Nc6 4. Nf3 e6 5. Qe2 Be7 6. 0-0 Nf6 7. e5 Nd5 8. Bxd5 exd5 9. d4 c4 10. Ne1 0-0 11. f4 f5 12. Nc2 d6 13. b3 cxb3 14. axb3 Qb6 15. Nd2 dxe5 16. fxe5 Be6 17. Rb1 a5 18. Kh1 Rac8 19. Bb2 f4 20. Qf3 Rcd8 21. Ne1 Bf5 22. Ra1 g5 23. h3 Rf7 24. Ra2 Nb8 25. c4 Bb4 26. Rf2 Qh6 27. Kg1 Rg7 28. cxd5 g4 29. hxg4 Rxg4 30. Kf1 Bxd2 31. Rxd2 Qh1+ 32. Ke2 Rg3 33. Qxf4 Bg4+ 34. Kf2 Rf8 35. Qxf8+ Kxf8 36. Kxg3 Qxe1+ 37. Kxg4 Kg7 38. Ba3 Kg6 39. Re2 Qc3 40. Rad2 Qxb3 41. e6 Qxa3 42. e7 h5+ 43. Kh4 Qd6 44. e8Q+ Kf5 45. Rf2+ Qf4+ 46. Rxf4+ Kxf4 47. Rf2# 1-0

[Event "Glorney Cup"]
[Site "Enfield"]
[Date "2015.07.21"]
[Round "3.7"]
[White "Thomas, Ben"]
[Black "Shafi, Declan"]
[Result "1-0"]
[WhiteElo "1850"]
[BlackElo "1908"]
[PlyCount "89"]
[EventDate "2015.07.20"]
[EventType "team-schev"]
[EventRounds "6"]
[EventCountry "IRL"]
[SourceTitle "CBM 167 Extra"]
[Source "ChessBase"]
[SourceDate "2015.09.14"]
[SourceVersion "1"]
[SourceVersionDate "2015.09.14"]
[SourceQuality "1"]
[WhiteTeam "Wales"]
[BlackTeam "Scotland"]
[WhiteTeamCountry "WLS"]
[BlackTeamCountry "SCO"]

1. e4 e5 2. Nf3 Nc6 3. d4 exd4 4. Nxd4 Nf6 5. Nxc6 bxc6 6. Bd3 d5 7. e5 Ng4 8. Bf4 g5 9. Bg3 Bg7 10. 0-0 Nxe5 11. Re1 Qe7 12. Qe2 f6 13. Bxe5 fxe5 14. Qh5+ Qf7 15. Qxg5 e4 16. Be2 0-0 17. Rf1 Kh8 18. c3 Rb8 19. Qd2 Qg6 20. Kh1 Be5 21. f3 Rg8 22. Rf2 Bh3 23. Bf1 Rbf8 24. Na3 Rxf3 25. Rxf3 exf3 26. g3 Bf5 27. Re1 Be4 28. Qf2 Qh5 29. Kg1 Rg6 30. Nc4 Bf4 31. Rxe4 dxe4 32. Qd4+ Kg8 33. Qd8+ Kf7 34. Qd7+ Kf6 35. Qd8+ Kf5 36. Bh3+ Qxh3 37. Qd7+ Re6 38. Qf7+ Kg5 39. gxf4+ Kh4 40. Qxh7+ Kg4 41. Ne3+ Kxf4 42. Qxh3 Rd6 43. Nf1 Rg6+ 44. Ng3 e3 45. Qf5# 1-0

[Event "Glorney Cup"]
[Site "Enfield"]
[Date "2015.07.20"]
[Round "2.2"]
[White "Fraser, John"]
[Black "Thomas, Ben"]
[Result "0-1"]
[WhiteElo "1913"]
[BlackElo "1850"]
[PlyCount "54"]
[EventDate "2015.07.20"]
[EventType "team-schev"]
[EventRounds "6"]
[EventCountry "IRL"]
[SourceTitle "CBM 167 Extra"]
[Source "ChessBase"]
[SourceDate "2015.09.14"]
[SourceVersion "1"]
[SourceVersionDate "2015.09.14"]
[SourceQuality "1"]
[WhiteTeam "England"]
[BlackTeam "Wales"]
[WhiteTeamCountry "ENG"]
[BlackTeamCountry "WLS"]

1. e4 b6 2. d4 Bb7 3. Nc3 e6 4. Nf3 Bb4 5. Bd3 Nf6 6. Bg5 h6 7. Bxf6 Qxf6 8. 0-0 Bxc3 9. bxc3 0-0 10. Nd2 d5 11. e5 Qe7 12. f4 c5 13. f5 exf5 14. Rxf5 Nc6 15. Nf3 Qe6 16. Nh4 cxd4 17. Qh5 f6 18. exf6 Rxf6 19. Rxf6 Qxf6 20. Qxd5+ Kh8 21. Ng6+ Kh7 22. Nf8+ Kh8 23. Ng6+ Kh7 24. Rf1 Na5 25. Qh5 Qg5 26. Ne7+ Kh8 27. Qf7 Qxg2# 0-1

[Event "Glorney Cup"]
[Site "Enfield"]
[Date "2015.07.20"]
[Round "1.2"]
[White "Thomas, Ben"]
[Black "Mulligan, Scott"]
[Result "1-0"]
[WhiteElo "1850"]
[BlackElo "1957"]
[PlyCount "75"]
[EventDate "2015.07.20"]
[EventType "team-schev"]
[EventRounds "6"]
[EventCountry "IRL"]
[SourceTitle "CBM 167 Extra"]
[Source "ChessBase"]
[SourceDate "2015.09.14"]
[SourceVersion "1"]
[SourceVersionDate "2015.09.14"]
[SourceQuality "1"]
[WhiteTeam "Wales"]
[BlackTeam "Ireland"]
[WhiteTeamCountry "WLS"]
[BlackTeamCountry "IRL"]

1. e4 e6 2. d4 d5 3. exd5 exd5 4. c4 Nf6 5. Nc3 Bb4 6. Nf3 0-0 7. Bd3 Qe7+ 8. Be3 Be6 9. cxd5 Nxd5 10. Qc2 h6 11. 0-0 Nd7 12. Rfe1 N7f6 13. Bd2 c6 14. Ne5 Bd6 15. Nxd5 Nxd5 16. f4 Nb4 17. Bxb4 Bxb4 18. Re2 Qd6 19. Bh7+ Kh8 20. Rd1 Bd5 21. a3 Ba5 22. Bf5 Bb6 23. b4 Rfe8 24. Qd3 Kg8 25. Rde1 Be6 26. Nf3 a5 27. Bxe6 Rxe6 28. Rxe6 fxe6 29. Qg6 Bxd4+ 30. Kh1 Bf6 31. bxa5 Rxa5 32. Qe8+ Kh7 33. Rxe6 Qxf4 34. Qd7 Rxa3 35. Re1 Rxf3 36. gxf3 Qxf3+ 37. Kg1 Qg4+ 38. Qxg4 1-0

[Event "South Wales op 12th"]
[Site "Cardiff"]
[Date "2015.07.16"]
[Round "9"]
[White "Ellis, Gareth"]
[Black "Thomas, Ben"]
[Result "0-1"]
[WhiteElo "1738"]
[BlackElo "1850"]
[PlyCount "83"]
[EventDate "2015.07.11"]
[EventType "swiss"]
[EventRounds "10"]
[EventCountry "WLS"]
[SourceTitle "EXT 2016"]
[Source "ChessBase"]
[SourceDate "2015.10.08"]
[SourceVersion "1"]
[SourceVersionDate "2015.10.08"]
[SourceQuality "1"]

1. e4 b6 2. Nc3 Bb7 3. d4 e6 4. Nf3 Bb4 5. Bd3 Nf6 6. Qe2 d5 7. e5 Ne4 8. Bd2 Bxc3 9. bxc3 h6 10. 0-0 c5 11. Qe3 0-0 12. Ne1 Nc6 13. Bxe4 dxe4 14. Qxe4 Nxd4 15. Qg4 Nf5 16. Qe2 Qc7 17. f3 Rad8 18. Rd1 Rd7 19. Nd3 Rfd8 20. Bf4 Ba6 21. h3 Ne7 22. Rfe1 g5 23. Bc1 Rd5 24. Qe4 Qd7 25. Nb2 Qc7 26. f4 Bb7 27. Qe2 Ng6 28. fxg5 Rxe5 29. Rxd8+ Qxd8 30. Rd1 Qxg5 31. Qf2 Qh4 32. Qxh4 Nxh4 33. g3 Nf5 34. Rd8+ Kg7 35. Bf4 Re2 36. Nc4 Rg2+ 37. Kf1 Nxg3+ 38. Ke1 Rg1+ 39. Kf2 Rf1+ 40. Kxg3 Rf3+ 41. Kg4 f5+ 42. Kh5 0-1

[Event "South Wales op 12th"]
[Site "Cardiff"]
[Date "2015.07.15"]
[Round "8"]
[White "Thomas, Ben"]
[Black "Emblem, Mark"]
[Result "1-0"]
[WhiteElo "1850"]
[BlackElo "1572"]
[PlyCount "29"]
[EventDate "2015.07.11"]
[EventType "swiss"]
[EventRounds "10"]
[EventCountry "WLS"]
[SourceTitle "EXT 2016"]
[Source "ChessBase"]
[SourceDate "2015.10.08"]
[SourceVersion "1"]
[SourceVersionDate "2015.10.08"]
[SourceQuality "1"]

1. e4 c5 2. c3 g6 3. d4 cxd4 4. cxd4 Bg7 5. Nc3 Nc6 6. Nf3 e6 7. Nb5 d6 8. Be2 Nge7 9. Bf4 e5 10. dxe5 dxe5 11. Nd6+ Kf8 12. Be3 Nd4 13. Nxd4 Qxd6 14. Ne6+ Qxe6 15. Qd8# 1-0

[Event "South Wales op 12th"]
[Site "Cardiff"]
[Date "2015.07.14"]
[Round "6"]
[White "Jaunooby, Ali Reza"]
[Black "Thomas, Ben"]
[Result "1-0"]
[WhiteElo "2181"]
[BlackElo "1850"]
[PlyCount "39"]
[EventDate "2015.07.11"]
[EventType "swiss"]
[EventRounds "10"]
[EventCountry "WLS"]
[SourceTitle "EXT 2016"]
[Source "ChessBase"]
[SourceDate "2015.10.08"]
[SourceVersion "1"]
[SourceVersionDate "2015.10.08"]
[SourceQuality "1"]

1. d4 b6 2. e4 Bb7 3. Nc3 e6 4. a3 d5 5. exd5 exd5 6. Nf3 Nf6 7. Bb5+ c6 8. Bd3 Be7 9. 0-0 0-0 10. Re1 c5 11. Bg5 h6 12. Bh4 Nc6 13. dxc5 g5 14. Nxg5 hxg5 15. Bxg5 Bxc5 16. Nxd5 Qxd5 17. Bxf6 Ne5 18. Bh7+ Kxh7 19. Qh5+ Kg8 20. Qh8# 1-0

[Event "South Wales op 12th"]
[Site "Cardiff"]
[Date "2015.07.13"]
[Round "5"]
[White "Braun, Walter"]
[Black "Thomas, Ben"]
[Result "1-0"]
[WhiteElo "2222"]
[BlackElo "1850"]
[PlyCount "119"]
[EventDate "2015.07.11"]
[EventType "swiss"]
[EventRounds "10"]
[EventCountry "WLS"]
[SourceTitle "EXT 2016"]
[Source "ChessBase"]
[SourceDate "2015.10.08"]
[SourceVersion "1"]
[SourceVersionDate "2015.10.08"]
[SourceQuality "1"]

1. d4 b6 2. e4 Bb7 3. Bd3 e6 4. Nf3 d5 5. Nbd2 Be7 6. Qe2 Nf6 7. e5 Nfd7 8. c3 c5 9. a3 a5 10. Nf1 Ba6 11. Bxa6 Nxa6 12. Ng3 Nc7 13. h4 Qc8 14. 0-0 Qa6 15. Qe3 0-0-0 16. b3 f6 17. Bd2 Rhg8 18. b4 c4 19. bxa5 bxa5 20. exf6 gxf6 21. a4 Bd6 22. Nh5 e5 23. Rfb1 Rde8 24. dxe5 fxe5 25. Qh6 Nf8 26. Ng7 Re7 27. Nf5 Re6 28. Qe3 Nd7 29. Nxd6+ Qxd6 30. Qa7 Qc5 31. Be3 Qxa7 32. Bxa7 Ra6 33. Be3 Rag6 34. g3 Ne6 35. Rb5 Rf8 36. Ng5 Nc7 37. Rxa5 h6 38. Nh3 Rd6 39. Rd1 Rff6 40. f4 Rg6 41. Bf2 e4 42. Kg2 Nf6 43. f5 Rg8 44. Nf4 e3 45. Bxe3 Ne4 46. Ne2 Rd7 47. Bf4 Nd6 48. Rb1 Rdd8 49. Nd4 Kd7 50. Bxd6 Kxd6 51. Rb6+ Kd7 52. Ra7 Ra8 53. Rbb7 Rxa7 54. Rxa7 Kd6 55. Kf3 h5 56. a5 Rg7 57. Rb7 Re7 58. a6 Nxa6 59. Rb6+ Kc5 60. Rc6# 1-0

[Event "South Wales op 12th"]
[Site "Cardiff"]
[Date "2015.07.12"]
[Round "3"]
[White "Thomas, Ben"]
[Black "Kett, Timothy"]
[Result "1-0"]
[WhiteElo "1850"]
[BlackElo "2219"]
[PlyCount "47"]
[EventDate "2015.07.11"]
[EventType "swiss"]
[EventRounds "10"]
[EventCountry "WLS"]
[SourceTitle "EXT 2016"]
[Source "ChessBase"]
[SourceDate "2015.10.08"]
[SourceVersion "1"]
[SourceVersionDate "2015.10.08"]
[SourceQuality "1"]

1. e4 c5 2. c3 d6 3. d4 Nf6 4. Bd3 Nc6 5. Ne2 g6 6. h3 Bg7 7. Be3 0-0 8. Nd2 cxd4 9. cxd4 b6 10. 0-0 Nb4 11. Bb1 Ba6 12. a3 Nc6 13. Re1 Rc8 14. Nc3 Na5 15. Ba2 e6 16. Rc1 Qd7 17. Qf3 Ne8 18. Ne2 Rxc1 19. Rxc1 f5 20. Nf4 Nc7 21. b4 Nc6 22. exf5 d5 23. fxe6 Nxe6 24. Qxd5 1-0

[Event "South Wales op 12th"]
[Site "Cardiff"]
[Date "2015.07.11"]
[Round "2"]
[White "Sivarajasingam, Venetia"]
[Black "Thomas, Ben"]
[Result "0-1"]
[WhiteElo "1522"]
[BlackElo "1850"]
[PlyCount "136"]
[EventDate "2015.07.11"]
[EventType "swiss"]
[EventRounds "10"]
[EventCountry "WLS"]
[SourceTitle "EXT 2016"]
[Source "ChessBase"]
[SourceDate "2015.10.08"]
[SourceVersion "1"]
[SourceVersionDate "2015.10.08"]
[SourceQuality "1"]

1. e4 b6 2. d4 Bb7 3. Nc3 e6 4. a3 d5 5. exd5 exd5 6. Nf3 Nf6 7. Bd3 Be7 8. 0-0 0-0 9. Re1 c5 10. Bg5 h6 11. Bh4 Kh8 12. Bf1 Nbd7 13. Qd3 Re8 14. h3 g5 15. Bg3 Ne4 16. Bh2 cxd4 17. Nxd4 Ndc5 18. Qf3 Bf6 19. Nce2 Nd2 20. Qh5 Bg7 21. Qxf7 Rf8 22. Qh5 Nce4 23. f3 Nf6 24. Qg6 Bc8 25. Qd3 Nc4 26. b3 Nd6 27. Nc6 Qc7 28. Ne5 Bf5 29. Qd2 Qxc2 30. Qxc2 Bxc2 31. Nd4 Bh7 32. Ne6 Rfc8 33. Rac1 Rxc1 34. Rxc1 Nfe8 35. Bd3 Bf5 36. Bxf5 Nxf5 37. Rd1 Nf6 38. Nc7 Ne3 39. Rd3 Rc8 40. Rxe3 Rxc7 41. Ng6+ Kh7 42. Bxc7 Kxg6 43. Be5 Bf8 44. Bxf6 Bc5 45. Kf2 Kxf6 46. b4 Bxe3+ 47. Kxe3 Ke5 48. g3 h5 49. a4 h4 50. gxh4 gxh4 51. f4+ Kf5 52. Kd4 Kxf4 53. Kxd5 Kg3 54. Kc6 Kxh3 55. Kb7 Kg4 56. Kxa7 h3 57. Kxb6 h2 58. a5 Kf5 59. a6 h1Q 60. Ka7 Qc6 61. b5 Qxb5 62. Ka8 Qxa6+ 63. Kb8 Qc6 64. Ka7 Qb5 65. Ka8 Ke6 66. Ka7 Kd7 67. Ka8 Kc7 68. Ka7 Qa5# 0-1

[Event "South Wales op 12th"]
[Site "Cardiff"]
[Date "2015.07.11"]
[Round "1"]
[White "Thomas, Ben"]
[Black "Wells, Peter K"]
[Result "0-1"]
[WhiteElo "1850"]
[BlackElo "2448"]
[PlyCount "52"]
[EventDate "2015.07.11"]
[EventType "swiss"]
[EventRounds "10"]
[EventCountry "WLS"]
[SourceTitle "EXT 2016"]
[Source "ChessBase"]
[SourceDate "2015.10.08"]
[SourceVersion "1"]
[SourceVersionDate "2015.10.08"]
[SourceQuality "1"]

1. e4 c5 2. c3 Nf6 3. e5 Nd5 4. Nf3 Nc6 5. d4 cxd4 6. cxd4 d6 7. Bc4 dxe5 8. Nxe5 e6 9. 0-0 Be7 10. a3 0-0 11. Nxc6 bxc6 12. Nd2 Nb6 13. Bd3 Qxd4 14. Qc2 Qh4 15. Nf3 Qh5 16. Qxc6 Rd8 17. Be2 Bf6 18. Be3 Bd7 19. Qe4 Bxb2 20. Rad1 Nd5 21. Qc2 Bxa3 22. h4 Rac8 23. Qd3 Nc3 24. Rd2 Nxe2+ 25. Rxe2 Bb5 26. Qxa3 Bxe2 0-1